| 000 | 00468nam a22001577a 4500 | ||
|---|---|---|---|
| 020 | _qHard Cover. | ||
| 082 | _a658 | ||
| 100 | _aUmar, Mirza Khalid | ||
| 245 |
_aStudent Motives for Enrollment in an MBA Program _cMirza Khalid Umar. |
||
| 260 |
_aIslamabad: _bNBS - NUST, _c2014. |
||
| 300 |
_a37 p.: ill.; _c30cm. |
||
| 650 |
_aMBA Thesis. _917629 |
||
| 700 |
_aDr. Osfia Obaid. _922172 |
||
| 942 |
_2ddc _cTHE |
||
| 999 |
_c529683 _d529683 |
||